000 00440nam a2200181Ia 4500
001 16419
005 20260306170308.0
008 260306t2010||||xx |||||||||||||| ||und||
041 _aESP
082 _a348.6
_bB45
100 _aBernuy Álvarez, Oscar
_eAUT
245 0 _aTratado de la nueva legislación laboral
260 _c2010
300 _a470 páginas :
_c24 cm.
650 _aGEN
654 _aCDE
942 _cLIB
_dJUS
_fJUS
_2ddc
_n
999 _c16419
_d16419